Normal view
MARC view
Entry Personal Name
001 - CONTROL NUMBER
- control field: 1436
003 - CONTROL NUMBER IDENTIFIER
- control field: OSt
005 - DATE AND TIME OF LATEST TRANSACTION
- control field: 20190211121558.0
008 - FIXED-LENGTH DATA ELEMENTS
- fixed length control field: 190211|| aca||aabn | a|a d
040 ## - CATALOGING SOURCE
- Original cataloging agency: OSt
- Transcribing agency: OSt
100 ## - HEADING--PERSONAL NAME
- Personal name: Jeevan Kumar, Cheruku
670 ## - SOURCE DATA FOUND
- Source citation: Work cat.: (OSt): Jeevan Kumar, Cheruku, Digital governance in Rajasthan:, 2018
